[Event "Titled Tue 1st Jul Early"]
[Site "chess.com INT"]
[Date "2025.07.01"]
[Round "4"]
[White "Lacasa Diaz, Josep Anton"]
[Black "Hernandez Samayoa, Dilan Alexander"]
[Result "1-0"]
[WhiteTitle "IM"]
[BlackTitle "CM"]
[WhiteElo "2315"]
[BlackElo "2006"]
[WhiteFideId "2203375"]
[BlackFideId "7306679"]
[EventDate "2025.07.01"]

1. e4 c5 2. Nf3 Nc6 3. d4 cxd4 4. Nxd4 Nf6 5. Nc3 d6 6. Bg5 e6 7. Qd2 Bd7 8.
O-O-O a6 9. Nxc6 Bxc6 10. Bc4 Be7 11. Bxf6 gxf6 12. f4 b5 13. Bb3 a5 14. f5 a4
15. Bxe6 fxe6 16. fxe6 Qa5 17. Qe2 O-O-O 18. Nd5 Bxd5 19. exd5 a3 20. b3 f5 21.
Rhf1 Qc3 22. Rxf5 h6 23. Qxb5 Bg5+ 24. Rxg5 hxg5 25. Qa6+ Kc7 26. Qa7+ Kc8 27.
Qxa3 Qa1+ 28. Kd2 Qd4+ 29. Kc1 Qc5 30. Qxc5+ dxc5 31. c4 Rxh2 32. d6 Rxg2 33. e7
Rxa2 34. d7+ Kc7 35. e8=Q Rxe8 36. dxe8=Q Ra1+ 37. Kc2 Rxd1 38. Kxd1 1-0

[Event "Titled Tue 1st Jul Early"]
[Site "chess.com INT"]
[Date "2025.07.01"]
[Round "4"]
[White "Ribeiro, Gustavo"]
[Black "Galchenko, Matvey"]
[Result "0-1"]
[WhiteTitle "FM"]
[BlackTitle "IM"]
[WhiteElo "2314"]
[BlackElo "2435"]
[WhiteFideId "1941852"]
[BlackFideId "24175480"]
[EventDate "2025.07.01"]

1. e4 e6 2. d4 d5 3. exd5 exd5 4. Nf3 Nf6 5. Bd3 c5 6. dxc5 Bxc5 7. Qe2+ Be6 8.
Ng5 Qe7 9. O-O O-O 10. Re1 Nc6 11. Be3 Bd6 12. c3 Rfe8 13. Nd2 h6 14. Nxe6 fxe6
15. Rad1 e5 16. Bg6 Rf8 17. Nf3 Rad8 18. Nh4 e4 19. Nf5 Qe6 20. Nxd6 Qxd6 21.
Bd4 Ne5 22. Bf5 Nd3 23. Rxd3 exd3 24. Qxd3 Rde8 25. Rd1 Ne4 26. Qh3 Qf4 27. Be6+
Kh7 28. Be3 Nxf2 29. Bxf4 Nxh3+ 30. gxh3 Rxf4 31. Bxd5 Re2 32. b4 b6 33. Rd3 Kg6
34. Rg3+ Kf6 35. Rg2 Re1# 0-1

[Event "Titled Tue 1st Jul Early"]
[Site "chess.com INT"]
[Date "2025.07.01"]
[Round "4"]
[White "Gardezi, Arsal"]
[Black "Punin, Andrii"]
[Result "0-1"]
[BlackTitle "FM"]
[WhiteElo "2084"]
[BlackElo "2289"]
[WhiteFideId "30949521"]
[BlackFideId "14112639"]
[EventDate "2025.07.01"]

1. e4 d5 2. exd5 Qxd5 3. Nc3 Qa5 4. d4 Nf6 5. Bd2 c6 6. Nf3 Bf5 7. Bc4 Qc7 8. h3
e6 9. O-O Nbd7 10. Ne2 Bd6 11. Bb3 h6 12. c4 O-O 13. c5 Be7 14. Bf4 Qd8 15. Bc2
Bxc2 16. Qxc2 Nd5 17. Bh2 b6 18. cxb6 Qxb6 19. Rac1 Rfc8 20. Nf4 Nxf4 21. Bxf4
c5 22. Be3 Qb7 23. Qd2 cxd4 24. Bxd4 Bf6 25. b3 a5 26. Rxc8+ Qxc8 27. Rc1 Qb7
28. Bxf6 Nxf6 29. Qf4 Nd5 30. Qa4 Qb4 31. Qc6 Rf8 32. Ne5 Nf4 33. Qc4 Ra8 34.
Rd1 Nd5 35. Qc6 Rf8 36. Qc4 Qa3 37. Qc2 Nb4 38. Qc5 Qxa2 0-1

[Event "Titled Tue 1st Jul Early"]
[Site "chess.com INT"]
[Date "2025.07.01"]
[Round "4"]
[White "Moskvin, Anatoly"]
[Black "Klys, Kacper"]
[Result "1-0"]
[WhiteTitle "CM"]
[BlackTitle "CM"]
[WhiteElo "2192"]
[BlackElo "2124"]
[WhiteFideId "24199990"]
[BlackFideId "21005281"]
[EventDate "2025.07.01"]

1. e4 e6 2. Nf3 d5 3. e5 c5 4. b4 d4 5. b5 b6 6. c3 Bb7 7. Bd3 Nd7 8. Qe2 Bxf3
9. gxf3 Qc7 10. f4 Ne7 11. Be4 Rc8 12. c4 f6 13. exf6 Nxf6 14. d3 g6 15. Nd2 Bg7
16. Nf3 O-O 17. Ng5 Qd6 18. Nxe6 Rfe8 19. Nxg7 Kxg7 20. Kd1 Nf5 21. Rg1 Re7 22.
Qf3 Nxe4 23. dxe4 Nh6 24. f5 Rf8 25. Bf4 Qf6 26. Bg5 Qe5 27. Qh3 Ng8 28. Bxe7
Nxe7 29. f3 d3 30. Rb1 Qc3 31. Qg2 Re8 32. Qb2 Qxb2 33. Rxb2 Kf6 34. fxg6 hxg6
35. Kd2 Rd8 36. Ke3 g5 37. Rbg2 d2 38. Rxd2 Rh8 39. Rd6+ Kf7 40. Rxg5 Rxh2 41.
Rd7 Ke6 42. Rxa7 Rxa2 1-0

[Event "Titled Tue 1st Jul Early"]
[Site "chess.com INT"]
[Date "2025.07.01"]
[Round "4"]
[White "Baturin-Vinogradov, Miroslav"]
[Black "Povshednyi, Ivan"]
[Result "1-0"]
[WhiteTitle "CM"]
[BlackTitle "FM"]
[WhiteElo "2066"]
[BlackElo "2307"]
[WhiteFideId "55745741"]
[BlackFideId "14190907"]
[EventDate "2025.07.01"]

1. e4 c5 2. Nf3 d6 3. d4 cxd4 4. Nxd4 Nf6 5. Nc3 a6 6. f4 e5 7. Nf3 Qc7 8. a4
Be7 9. Bd3 O-O 10. O-O Nbd7 11. Kh1 b6 12. fxe5 Nxe5 13. Nd4 g6 14. Bg5 Qd8 15.
Qe1 Ne8 16. Bh6 Ng7 17. Nd5 Be6 18. Nxe7+ Qxe7 19. Qg3 Rfe8 20. Rae1 Nh5 21. Qe3
Ng4 22. Qd2 Qh4 23. Bf4 Nxf4 24. Qxf4 Qh6 25. Nxe6 Qxh2+ 26. Qxh2 Nxh2 27. Kxh2
fxe6 28. Rf6 Kg7 29. Ref1 Ra7 30. Bc4 d5 31. exd5 exd5 32. Bxd5 Kh6 33. Rxb6 Re5
34. c4 a5 35. Rf7 Rxf7 36. Bxf7 Re2 37. c5 Rc2 38. c6 Kg5 39. Bb3 Rc1 40. Bd5 h5
41. Bf3 Kh4 42. Rb3 Rc2 43. Rc3 Rxb2 44. c7 g5 45. c8=Q g4 46. Qd8# 1-0

[Event "Titled Tue 1st Jul Early"]
[Site "chess.com INT"]
[Date "2025.07.01"]
[Round "4"]
[White "Smieszek, Wojciech"]
[Black "Starozhilov, Leonid"]
[Result "0-1"]
[WhiteTitle "CM"]
[BlackTitle "FM"]
[WhiteElo "2141"]
[BlackElo "2240"]
[WhiteFideId "1156047"]
[BlackFideId "14106752"]
[EventDate "2025.07.01"]

1. e4 c5 2. Nf3 e6 3. d4 cxd4 4. Nxd4 a6 5. Bd3 Ne7 6. O-O Nbc6 7. Be3 Ng6 8.
Nc3 Qc7 9. Nxc6 dxc6 10. f4 e5 11. f5 Nf4 12. Qf3 Bd6 13. Rad1 O-O 14. Bc4 b5
15. Bb3 Be7 16. Bxf4 exf4 17. Qxf4 Qxf4 18. Rxf4 Bf6 19. Rff1 a5 20. a3 a4 21.
Ba2 b4 22. axb4 a3 23. Ne2 axb2 24. Bb3 Ra1 25. Rb1 Ba6 26. Kf2 Rd8 27. c4 Ra3
28. e5 Bxe5 29. Rfd1 Rxd1 30. Rxd1 Kf8 31. Bc2 Bxc4 32. g3 Ra1 33. Bb1 Rxb1 34.
Rxb1 Ba2 35. Nc3 Bxc3 0-1

[Event "Titled Tue 1st Jul Early"]
[Site "chess.com INT"]
[Date "2025.07.01"]
[Round "4"]
[White "Akhmedov, David"]
[Black "Viskelis, Darius"]
[Result "1-0"]
[WhiteTitle "FM"]
[BlackTitle "FM"]
[WhiteElo "2447"]
[BlackElo "2146"]
[WhiteFideId "34220194"]
[BlackFideId "12800830"]
[EventDate "2025.07.01"]

1. Nf3 d5 2. c4 d4 3. g3 c5 4. Bg2 Nc6 5. O-O e5 6. d3 Be7 7. e3 dxe3 8. Bxe3
Nf6 9. Nc3 O-O 10. Bg5 Be6 11. Bxf6 Bxf6 12. Re1 Qc7 13. Nd2 Nd4 14. Nd5 Bxd5
15. Bxd5 Rad8 16. Ne4 Be7 17. Nc3 Kh8 18. Rc1 b6 19. Bg2 Bg5 20. Rb1 f5 21. Nd5
Qd6 22. a3 h6 23. b4 Kh7 24. bxc5 bxc5 25. Rb7 f4 26. Be4+ Kh8 27. Qh5 fxg3 28.
hxg3 Rd7 29. Rxd7 Qxd7 30. Qg6 Kg8 31. Kg2 Qe6 32. Rb1 Qxg6 33. Bxg6 Rd8 34. Rb7
a6 35. Rc7 Ne6 36. Rc6 Nf8 37. Be4 Nd7 38. Rxa6 1-0

[Event "Titled Tue 1st Jul Early"]
[Site "chess.com INT"]
[Date "2025.07.01"]
[Round "4"]
[White "Bulatova, Kamaliya"]
[Black "Mecit, Emre"]
[Result "1-0"]
[WhiteTitle "WFM"]
[WhiteElo "2091"]
[BlackElo "2007"]
[WhiteFideId "34111546"]
[BlackFideId "6304214"]
[EventDate "2025.07.01"]

1. d4 Nf6 2. Bf4 g6 3. Nc3 Bg7 4. e4 O-O 5. Qd2 d6 6. Bh6 c5 7. d5 e6 8. dxe6
Bxe6 9. Bxg7 Kxg7 10. O-O-O Nc6 11. Qxd6 Qxd6 12. Rxd6 Rfd8 13. Rxd8 Rxd8 14.
Nf3 Ng4 15. h3 Nxf2 16. Rg1 Nd4 17. Ng5 h6 18. Nxe6+ fxe6 19. Bc4 a6 20. a4 g5
21. Rf1 Rf8 22. Kd2 b5 23. axb5 axb5 24. Nxb5 Nxe4+ 25. Ke3 Nf6 26. Nxd4 cxd4+
27. Kxd4 Rd8+ 28. Ke3 Rc8 29. b3 Nd5+ 30. Bxd5 exd5 31. Kd3 Kg6 32. c3 Rb8 33.
b4 Rc8 34. b5 h5 35. Kd4 Rc4+ 36. Kxd5 Rxc3 37. b6 Rc2 38. b7 Rb2 39. Kc6 g4 40.
hxg4 hxg4 41. g3 Kg5 42. Rf4 Rb3 43. Rc4 Kf5 44. Kc7 1-0

[Event "Titled Tue 1st Jul Early"]
[Site "chess.com INT"]
[Date "2025.07.01"]
[Round "4"]
[White "Fernandes, Rogerio Paulo Muller"]
[Black "Gonzalez Mojica, Renan Arturo"]
[Result "0-1"]
[BlackTitle "FM"]
[WhiteElo "2241"]
[BlackElo "2098"]
[WhiteFideId "2101599"]
[BlackFideId "4482379"]
[EventDate "2025.07.01"]

1. c4 d6 2. g3 Nf6 3. Bg2 g6 4. Nf3 Bg7 5. O-O O-O 6. Nc3 c6 7. Rb1 Bf5 8. d3 d5
9. cxd5 cxd5 10. Qb3 Bc8 11. Bf4 Nc6 12. Nb5 Nh5 13. Be3 d4 14. Bd2 Be6 15. Qa3
a6 16. Nbxd4 Nxd4 17. Nxd4 Bxd4 18. Bxb7 Ra7 19. Bf3 Bh3 20. Rfc1 Nf6 21. e3 Be5
22. d4 Bd6 23. Qd3 Ng4 24. Qe2 Nh6 25. e4 Kg7 26. Bc3 e5 27. d5 Rc7 28. Qxa6 Bc8
29. Qe2 Ng8 30. b4 Qe7 31. Qd2 Nf6 32. Bg2 h5 33. a4 h4 34. b5 hxg3 35. hxg3 Rh8
36. b6 Rc4 37. a5 Nxe4 0-1

[Event "Titled Tue 1st Jul Early"]
[Site "chess.com INT"]
[Date "2025.07.01"]
[Round "4"]
[White "Christiansen, Johan-Sebastian"]
[Black "Xiong, Jeffery"]
[Result "0-1"]
[WhiteTitle "GM"]
[BlackTitle "GM"]
[WhiteElo "2642"]
[BlackElo "2646"]
[WhiteFideId "1512668"]
[BlackFideId "2047640"]
[EventDate "2025.07.01"]

1. e4 c5 2. Nf3 Nc6 3. b4 Nxb4 4. c3 Nc6 5. d4 d5 6. exd5 Qxd5 7. Na3 Bg4 8. Be3
Bxf3 9. gxf3 e6 10. c4 Qd8 11. d5 Qa5+ 12. Bd2 Qxa3 13. dxc6 bxc6 14. Be2 Ne7
15. Rb1 Nf5 16. Rb7 O-O-O 17. Qb1 Bd6 18. Rxf7 Bc7 19. Rxc7+ Kxc7 20. Bf4+ Rd6
21. O-O Rb8 22. Qe4 Kd7 23. Bxd6 Nxd6 24. Qxh7 Qb2 25. Rd1 Kc7 26. Bd3 Qe5 27.
a4 Rb2 28. Qh4 Qd4 29. Qe7+ Kb6 30. Qd8+ Ka6 31. Rf1 Qxd3 32. Qc7 Qg6+ 33. Kh1
Nb7 0-1

[Event "Titled Tue 1st Jul Early"]
[Site "chess.com INT"]
[Date "2025.07.01"]
[Round "4"]
[White "Mora Munoz, Alejandro"]
[Black "Priasmoro, Novendra"]
[Result "1-0"]
[WhiteTitle "FM"]
[BlackTitle "GM"]
[WhiteElo "2147"]
[BlackElo "2426"]
[WhiteFideId "4469844"]
[BlackFideId "7105029"]
[EventDate "2025.07.01"]

1. e4 c5 2. Nf3 Nc6 3. d4 cxd4 4. Nxd4 Nf6 5. Nc3 e5 6. Ndb5 d6 7. Nd5 Nxd5 8.
exd5 Nb8 9. a4 Be7 10. Be2 O-O 11. O-O f5 12. Bd2 Nd7 13. a5 a6 14. Na3 e4 15.
Nc4 f4 16. Bg4 f3 17. gxf3 exf3 18. Bxf3 Nc5 19. Qe2 Bg5 20. b4 Bxd2 21. Nxd2
Bh3 22. bxc5 Qg5+ 23. Kh1 Rae8 24. Qd3 Qh4 25. Rae1 1-0

[Event "Titled Tue 1st Jul Early"]
[Site "chess.com INT"]
[Date "2025.07.01"]
[Round "4"]
[White "Laptii, Nazar"]
[Black "Azizoglu, Ferzan"]
[Result "1-0"]
[WhiteTitle "FM"]
[WhiteElo "2208"]
[BlackElo "2055"]
[WhiteFideId "14174332"]
[BlackFideId "6302726"]
[EventDate "2025.07.01"]

1. e4 c5 2. Nf3 Nc6 3. d3 g6 4. g3 Bg7 5. Bg2 e6 6. O-O Nge7 7. c3 O-O 8. d4
cxd4 9. cxd4 d5 10. e5 b6 11. a3 Ba6 12. Re1 Na5 13. Nc3 Qd7 14. h4 h6 15. Nh2
h5 16. Nf3 Rac8 17. Nh2 Bc4 18. Rb1 Bb3 19. Qd3 Bc4 20. Qd1 Nf5 21. Bg5 Nb3 22.
g4 Nfxd4 23. gxh5 gxh5 24. Qxh5 Bd3 25. Rbd1 Bg6 26. Qg4 Bf5 27. Qg3 Bc2 28. Bf6
Nf5 29. Qg5 Kh7 30. Bh3 Rg8 31. Bxf5+ Bxf5 32. Qh5+ Bh6+ 33. Bg5 Rg6 34. Kh1 Kg7
35. Bxh6+ Rxh6 36. Rg1+ Rg6 37. Rxg6+ Bxg6 38. Qg5 Qd8 39. Qg3 Kh7 40. Rg1 Qf8
41. Ng4 Bf5 42. Nf6+ Kh8 43. Qg5 1-0

[Event "Titled Tue 1st Jul Early"]
[Site "chess.com INT"]
[Date "2025.07.01"]
[Round "4"]
[White "Jakovljevic, Dejan"]
[Black "Shapiro, Daniel"]
[Result "0-1"]
[WhiteTitle "CM"]
[BlackTitle "FM"]
[WhiteElo "1956"]
[BlackElo "2284"]
[WhiteFideId "949418"]
[BlackFideId "2001780"]
[EventDate "2025.07.01"]

1. e4 c5 2. c3 d5 3. exd5 Qxd5 4. Nf3 Nf6 5. Na3 Nc6 6. Bc4 Qd6 7. d4 cxd4 8.
Nb5 Qb8 9. Nbxd4 Bd7 10. O-O e6 11. Re1 Be7 12. Bg5 a6 13. a4 O-O 14. Qd3 Rd8
15. Bb3 Be8 16. Bc2 g6 17. Qe2 Qc7 18. Bb3 Nd5 19. Bxe7 Qxe7 20. Ne5 Nxd4 21.
cxd4 Qf6 22. Rad1 Rac8 23. Ng4 Qg7 24. Qd2 h5 25. Ne5 Qf6 26. Qd3 Kg7 27. Qe4
Rc7 28. Rd3 Rdc8 29. Rf3 Qg5 30. Bxd5 exd5 31. Qxd5 Rd8 32. Qa5 Rc2 33. Qxd8
Qxd8 0-1

[Event "Titled Tue 1st Jul Early"]
[Site "chess.com INT"]
[Date "2025.07.01"]
[Round "4"]
[White "Zlatin, Alexander"]
[Black "Skarbarchuk, Tetyana"]
[Result "1-0"]
[WhiteTitle "FM"]
[WhiteElo "2313"]
[BlackElo "2096"]
[WhiteFideId "2810549"]
[BlackFideId "14184494"]
[EventDate "2025.07.01"]

1. e4 c5 2. d4 cxd4 3. c3 dxc3 4. Nxc3 Nc6 5. Bc4 e6 6. Nf3 Nge7 7. O-O Ng6 8.
Nb5 a6 9. Nd6+ Bxd6 10. Qxd6 Qe7 11. Qg3 h5 12. h4 b5 13. Bd3 e5 14. Bg5 Qe6 15.
Bc2 Bb7 16. Bb3 Qg4 17. Rfd1 Qxg3 18. fxg3 Na5 19. Bxf7+ Kxf7 20. Rxd7+ Kg8 21.
b4 Bc6 22. Rc7 Bxe4 23. bxa5 Rf8 24. Rd1 Bxf3 25. gxf3 Rxf3 26. Rdd7 Rh7 27. Kg2
Rf8 28. Rc6 Nh8 29. Rxa6 Nf7 30. Rg6 e4 31. a6 Ne5 32. Rd8 Nxg6 33. Rxf8+ Nxf8
34. a7 e3 35. a8=Q e2 36. Be7 e1=Q 37. Qxf8# 1-0

[Event "Titled Tue 1st Jul Early"]
[Site "chess.com INT"]
[Date "2025.07.01"]
[Round "4"]
[White "Gubajdullin, Alexei"]
[Black "Dyachuk, Artem"]
[Result "0-1"]
[WhiteTitle "FM"]
[BlackTitle "FM"]
[WhiteElo "2233"]
[BlackElo "2305"]
[WhiteFideId "4141202"]
[BlackFideId "34107924"]
[EventDate "2025.07.01"]

1. Nf3 Nf6 2. g3 c5 3. Bg2 Nc6 4. O-O d5 5. d3 g6 6. Nbd2 Bg7 7. e4 O-O 8. c3 e5
9. a4 h6 10. exd5 Nxd5 11. Nc4 Be6 12. a5 Qc7 13. Qa4 Rab8 14. Nfd2 Rfd8 15. Re1
Nde7 16. Ne4 b5 17. axb6 axb6 18. Qb5 f5 19. Ned2 Rd7 20. Ra6 Na7 21. Qa4 b5 22.
Qa5 bxc4 23. Qxc7 Rxc7 24. Rxe6 cxd3 25. Nc4 Rd8 26. Rd1 Kf7 27. Ra6 Nac6 28.
Be3 e4 29. f3 exf3 30. Bxf3 Ne5 31. Nxe5+ Bxe5 32. Bxh6 c4 33. Bg5 Rb8 34. Rd2
Rb5 35. Ra4 Rc8 36. Ra7 Bf6 37. Bf4 g5 38. Bd6 g4 39. Bg2 Bg5 40. Rd1 Rxb2 41.
Bb7 Rd8 42. Bd5+ Kg6 43. Bxe7 Bxe7 44. Bxc4 Bc5+ 45. Kf1 Bxa7 46. Bxd3 Rh8 47.
Ra1 Rhxh2 48. Ra6+ Kg5 49. Ke1 Rh1+ 50. Bf1 Bf2+ 0-1

[Event "Titled Tue 1st Jul Early"]
[Site "chess.com INT"]
[Date "2025.07.01"]
[Round "4"]
[White "Kim, Sergey"]
[Black "Beyer, Lorenz"]
[Result "1/2-1/2"]
[WhiteTitle "FM"]
[BlackTitle "CM"]
[WhiteElo "2295"]
[BlackElo "2192"]
[WhiteFideId "13700570"]
[BlackFideId "16245393"]
[EventDate "2025.07.01"]

1. d4 Nf6 2. c4 e6 3. Nc3 d5 4. Nf3 Be7 5. Bf4 O-O 6. e3 b6 7. cxd5 Nxd5 8. Nxd5
Qxd5 9. Bd3 Bb4+ 10. Ke2 Ba6 11. Qc2 Bxd3+ 12. Qxd3 Bd6 13. Bg3 Nd7 14. Rhd1 Nf6
15. Kf1 Bxg3 16. hxg3 Rfd8 17. a4 c5 18. Qe2 Rac8 19. a5 Qb3 20. Rd3 Qb5 21. Rc3
Qxe2+ 22. Kxe2 Ne4 23. Rcc1 cxd4 24. Nxd4 Rxc1 25. Rxc1 bxa5 26. Rc7 Rb8 27.
Rxa7 Rxb2+ 28. Kd3 Nxf2+ 29. Kc4 Rb4+ 30. Kc5 Ne4+ 31. Kc6 g6 32. g4 e5 33. Nb5
Nf2 34. Nd6 Nxg4 35. Nxf7 Rc4+ 36. Kd6 Rb4 37. Ng5 Nxe3 38. Nxh7 Nc4+ 39. Kc5
Rb2 40. Nf6+ Kf8 41. Rd7 Ne3 42. Nh7+ Ke8 43. Nf6+ Kf8 44. Nh7+ Kg8 45. Nf6+ Kf8 1/2-1/2

[Event "Titled Tue 1st Jul Early"]
[Site "chess.com INT"]
[Date "2025.07.01"]
[Round "4"]
[White "Zhukov, Ivan"]
[Black "Gutierrez Olivares, Daniel"]
[Result "1-0"]
[WhiteTitle "CM"]
[BlackTitle "FM"]
[WhiteElo "2044"]
[BlackElo "2354"]
[WhiteFideId "54114748"]
[BlackFideId "2264005"]
[EventDate "2025.07.01"]

1. d4 e6 2. c4 Nf6 3. Nc3 c5 4. d5 exd5 5. cxd5 Bd6 6. Nf3 O-O 7. g3 Re8 8. Bg2
Bc7 9. O-O d6 10. Nd2 a6 11. a4 Nbd7 12. Nc4 Rb8 13. a5 Nf8 14. e4 Ng6 15. Re1
Bd7 16. Na4 Bb5 17. Nab6 Nd7 18. Nxd7 Qxd7 19. b3 Qd8 20. Bd2 Bxc4 21. bxc4 Ne5
22. Qc2 Qf6 23. f4 Nd7 24. Bc3 Qg6 25. Qb2 h5 26. e5 h4 27. e6 Nf8 28. Qf2 Nh7
29. f5 Qg4 30. Re4 Qg5 31. Rxh4 Qe7 32. Rxh7 Kxh7 33. f6 gxf6 34. Bxf6 Qf8 35.
Qf5+ Kg8 36. Qg5+ Kh7 37. Qh5+ Qh6 38. Be4+ 1-0

[Event "Titled Tue 1st Jul Early"]
[Site "chess.com INT"]
[Date "2025.07.01"]
[Round "4"]
[White "Mayta Aiza, Maveric"]
[Black "Principe, Gerson"]
[Result "1-0"]
[WhiteTitle "CM"]
[BlackTitle "FM"]
[WhiteElo "2180"]
[BlackElo "2176"]
[WhiteFideId "3307336"]
[BlackFideId "3804550"]
[EventDate "2025.07.01"]

1. e4 c5 2. Nc3 e6 3. g3 d5 4. exd5 exd5 5. Bg2 Nf6 6. Nf3 d4 7. Ne2 Be7 8. O-O
O-O 9. d3 Nc6 10. Nf4 Bd6 11. Re1 Qc7 12. Ng5 h6 13. Ne4 Nxe4 14. Bxe4 Bd7 15.
Qh5 Rae8 16. Bd2 Re5 17. Qf3 f5 18. Bd5+ Kh7 19. Rxe5 Nxe5 20. Qg2 b6 21. Re1
Ng4 22. h3 Ne5 23. b3 Qd8 24. Ne6 Bxe6 25. Bxe6 Ng6 26. f4 Qf6 27. Qd5 Bb8 28.
b4 Rd8 29. Qxf5 Kh8 30. Qxf6 gxf6 31. Bf5 Kg7 32. bxc5 bxc5 33. h4 Kf7 34. Be6+
Kf8 35. Kg2 Ne7 36. f5 Kg7 37. Rb1 Bd6 38. Rb7 h5 39. Bf4 Kf8 40. Bxd6 Rxd6 41.
Rxa7 Rb6 42. Ra8+ Kg7 43. Re8 Nc6 44. Bb3 Ne5 45. Rc8 c4 46. dxc4 Ng4 47. Kf3
Ne5+ 48. Ke4 Rb7 49. c5 Ra7 50. c6 1-0

[Event "Titled Tue 1st Jul Early"]
[Site "chess.com INT"]
[Date "2025.07.01"]
[Round "4"]
[White "Bortnyk, Olexandr"]
[Black "Srihari, L R"]
[Result "1-0"]
[WhiteTitle "GM"]
[BlackTitle "IM"]
[WhiteElo "2601"]
[BlackElo "2482"]
[WhiteFideId "14120828"]
[BlackFideId "46617116"]
[EventDate "2025.07.01"]

1. d4 d5 2. Nc3 Nf6 3. Bf4 e6 4. Nb5 Na6 5. e3 c6 6. Nc3 Bb4 7. Bxa6 bxa6 8. Nf3
Ne4 9. O-O Nxc3 10. bxc3 Bxc3 11. Rb1 O-O 12. Ne5 Qe8 13. Qd3 Ba5 14. Qa3 Bb6
15. Qd6 f6 16. Nxc6 Bd7 17. Nb4 Bb5 18. Nd3 Rc8 19. Rfc1 Rxc2 20. Rxc2 Bxd3 21.
Rxb6 axb6 22. Rc7 Rf7 23. Rc6 Rd7 24. Qa3 Bb5 25. Rxb6 h5 26. h4 Kh7 27. Qb3 Bc4
28. Qa3 Bb5 29. Qb4 Rd8 30. Qb1+ Kh8 31. Qd1 Kg8 32. Qf3 Rc8 33. Qg3 Kh7 34. Rb7
Qg6 35. Rb6 Rc1+ 36. Kh2 Qxg3+ 37. Kxg3 Rc6 38. Rb7 Kg6 39. a3 Rc3 40. Bd6 Rc6
41. Bf8 1-0

[Event "Titled Tue 1st Jul Early"]
[Site "chess.com INT"]
[Date "2025.07.01"]
[Round "4"]
[White "Yalcinkaya, Efe"]
[Black "Waldhausen Gordon, Frederick"]
[Result "1/2-1/2"]
[WhiteTitle "CM"]
[BlackTitle "FM"]
[WhiteElo "2225"]
[BlackElo "2395"]
[WhiteFideId "44506619"]
[BlackFideId "2409143"]
[EventDate "2025.07.01"]

1. d4 Nf6 2. Nf3 e6 3. Bg5 Be7 4. Nbd2 d5 5. e3 b6 6. Bd3 Bb7 7. c3 Nbd7 8. O-O
h6 9. Bh4 Ne4 10. Bxe7 Qxe7 11. Qc2 Nxd2 12. Qxd2 e5 13. dxe5 Nxe5 14. Nxe5 Qxe5
15. Bb5+ c6 16. Be2 O-O 17. c4 Rad8 18. cxd5 Rxd5 19. Qc2 Rfd8 20. Rad1 Rxd1 21.
Rxd1 Rxd1+ 22. Bxd1 c5 23. Bf3 Bxf3 24. gxf3 Qd5 25. Qa4 Qb7 26. Qe8+ Kh7 27. e4
b5 28. Qe5 c4 29. h4 Qc6 30. a3 a5 31. Qc3 Qc7 32. h5 f6 33. Kg2 Kg8 34. Qd4 b4
35. Qd5+ Kf8 36. axb4 axb4 37. Qb5 b3 38. Qb4+ Kf7 39. Qb5 Ke7 40. Qb4+ Ke6 41.
Qb5 Kd6 42. Qd5+ Ke7 43. Qb5 Kd8 44. Qb4 Ke8 45. Qb5+ Kf7 46. Qd5+ Kf8 47. Qb5
Kg8 48. Qe8+ Kh7 49. Qg6+ Kg8 50. Qe8+ Kh7 51. Qg6+ Kg8 52. Qe8+ 1/2-1/2

[Event "Titled Tue 1st Jul Early"]
[Site "chess.com INT"]
[Date "2025.07.01"]
[Round "4"]
[White "Campos Gomez, Manuel"]
[Black "Khoo-Thwe, Louis"]
[Result "1-0"]
[WhiteTitle "IM"]
[BlackTitle "CM"]
[WhiteElo "2359"]
[BlackElo "2232"]
[WhiteFideId "4444710"]
[BlackFideId "1538756"]
[EventDate "2025.07.01"]

1. Nf3 d5 2. c4 dxc4 3. e3 Nf6 4. Bxc4 e6 5. O-O c5 6. d4 a6 7. dxc5 Bxc5 8.
Qxd8+ Kxd8 9. Nbd2 Ke7 10. Nb3 Bd6 11. Be2 e5 12. Rd1 Nc6 13. Bd2 Be6 14. Na5
Nxa5 15. Bxa5 Rac8 16. Bc3 Nd7 17. Rac1 f6 18. a3 Nc5 19. Bb4 Ne4 20. Bd3 Nc5
21. Bb1 Rhd8 22. Bxh7 Na4 23. Rxc8 Bxc8 24. Rxd6 Rxd6 25. b3 Nb2 26. Nh4 Bg4 27.
Bf5 Bh5 28. Bc8 Kd8 29. Bxd6 Kxc8 30. Nf5 Bf7 31. Nxg7 Bxb3 32. h4 Nc4 33. Be7
Kd7 34. Bxf6 Nxa3 35. h5 Bc2 36. f3 e4 37. f4 Bb3 38. g4 Nc2 39. Kf2 a5 40. g5
Bg8 41. g6 b5 42. h6 Nb4 43. h7 Nd3+ 44. Kg3 1-0

[Event "Titled Tue 1st Jul Early"]
[Site "chess.com INT"]
[Date "2025.07.01"]
[Round "4"]
[White "Hrebenshchykova, Yelyzaveta"]
[Black "Moldagali, Beksultan"]
[Result "0-1"]
[WhiteTitle "WIM"]
[BlackTitle "FM"]
[WhiteElo "2265"]
[BlackElo "2397"]
[WhiteFideId "14159899"]
[BlackFideId "13734768"]
[EventDate "2025.07.01"]

1. e4 d5 2. exd5 Qxd5 3. Nc3 Qa5 4. Bc4 Nf6 5. d3 e6 6. Nf3 c5 7. Ne5 Bd6 8. f4
Nbd7 9. Qe2 Nb6 10. Bb5+ Nbd7 11. O-O O-O 12. Bd2 Qc7 13. Nc4 a6 14. Bxd7 Bxd7
15. Ne4 Be7 16. Bc3 Nxe4 17. dxe4 b5 18. Ne5 Be8 19. Qg4 b4 20. Be1 Kh8 21. c4
bxc3 22. Bxc3 f6 23. Nf3 Bf7 24. h4 Rad8 25. h5 Rg8 26. h6 Qc6 27. hxg7+ Rxg7
28. Qh4 Qxe4 29. Bxf6 Bxf6 30. Qxf6 Rd2 31. Rf2 Rxf2 32. Kxf2 Qc2+ 33. Ke1 Qxg2 0-1

[Event "Titled Tue 1st Jul Early"]
[Site "chess.com INT"]
[Date "2025.07.01"]
[Round "4"]
[White "Mendonca, Leon Luke"]
[Black "Rosen, Eric"]
[Result "1-0"]
[WhiteTitle "GM"]
[BlackTitle "IM"]
[WhiteElo "2603"]
[BlackElo "2377"]
[WhiteFideId "35028561"]
[BlackFideId "2032562"]
[EventDate "2025.07.01"]

1. b4 e6 2. Bb2 f5 3. c4 Nf6 4. a3 b6 5. Nf3 Bb7 6. g3 Be7 7. Bg2 O-O 8. O-O Qc8
9. Nc3 d6 10. d4 Ne4 11. d5 Nxc3 12. Bxc3 e5 13. a4 a5 14. bxa5 bxa5 15. c5 Qe8
16. Rb1 Bc8 17. Nd2 Na6 18. cxd6 cxd6 19. Nc4 Nc5 20. Bxe5 dxe5 21. d6 Ra7 22.
Qd5+ Ne6 23. dxe7 Rxe7 24. Nd6 Qxa4 25. Qxe5 Qd4 26. Rb5 Ba6 27. Rxa5 Bxe2 28.
Qxe2 Qxd6 29. Re1 Rfe8 30. Rd5 Qb6 31. Re5 Kf8 32. Qd3 g6 33. h4 Nc5 34. Qd4
Rxe5 35. Rxe5 Rxe5 36. Qxe5 1-0